Longman interactive American dictionary

Saved in:
Bibliographic Details
Format: Book
Language:Undetermined
Published: Addison Wesley Longman Limited 1997
Subjects:
Tags: Add Tag
No Tags, Be the first to tag this record!
Institutions: Trung tâm Học liệu Trường Đại học Cần Thơ
LEADER 00412nam a2200145Ia 4500
001 CTU_118162
008 210402s9999 xx 000 0 und d
082 |a 423 
082 |b L856 
245 0 |a Longman interactive American dictionary 
260 |b Addison Wesley Longman Limited 
260 |c 1997 
650 |a English language 
650 |x Dictionaries 
980 |a Trung tâm Học liệu Trường Đại học Cần Thơ